SOCIOLOGY OF THE FAMILY; (Record no. 9541)

MARC details
000 -LEADER
fixed length control field 01544cam a22004214a 4500
001 - CONTROL NUMBER
control field 11802846
003 - CONTROL NUMBER IDENTIFIER
control field OSt
005 - DATE AND TIME OF LATEST TRANSACTION
control field 20260504070608.0
008 - FIXED-LENGTH DATA ELEMENTS--GENERAL INFORMATION
fixed length control field 991005s2000 maua b 001 0 eng
010 ## - LIBRARY OF CONGRESS CONTROL NUMBER
LC control number 99051525
020 ## - INTERNATIONAL STANDARD BOOK NUMBER
International Standard Book Number 0023096721
Qualifying information alk. paper
020 ## - INTERNATIONAL STANDARD BOOK NUMBER
International Standard Book Number 9780023096723
Qualifying information (alk. paper)
035 ## - SYSTEM CONTROL NUMBER
System control number 11802846
040 ## - CATALOGING SOURCE
Original cataloging agency DLC
Transcribing agency IRDP
Modifying agency DLC
042 ## - AUTHENTICATION CODE
Authentication code pcc
043 ## - GEOGRAPHIC AREA CODE
Geographic area code n-us---
050 00 - LIBRARY OF CONGRESS CALL NUMBER
Classification number HQ535
Item number .B49 2000
082 00 - DEWEY DECIMAL CLASSIFICATION NUMBER
Classification number 306.850 973 BID
Edition number 21
100 1# - MAIN ENTRY--PERSONAL NAME
Personal name BIDWELL, LEE D. MILLAR
245 10 - TITLE STATEMENT
Title SOCIOLOGY OF THE FAMILY;
Remainder of title INVESTIGATING FAMILY ISSUES
Statement of responsibility, etc. LEE D. MILLAR BIDWELL AND BRENDA J. VANDER MEY
260 ## - PUBLICATION, DISTRIBUTION, ETC. (IMPRINT)
Place of publication, distribution, etc. BOSTON
Name of publisher, distributor, etc. ALLYN AND BACON
Date of publication, distribution, etc. c2000.
300 ## - PHYSICAL DESCRIPTION
Extent xx, 540 p. :
Other physical details ill. ;
Dimensions 25 cm.
336 ## - CONTENT TYPE
Content type term text
Content type code txt
Source rdacontent
337 ## - MEDIA TYPE
Media type term unmediated
Media type code n
Source rdamedia
338 ## - CARRIER TYPE
Carrier type term volume
Carrier type code nc
Source rdacarrier
504 ## - BIBLIOGRAPHY, ETC. NOTE
Bibliography, etc Includes bibliographical references (p. 497-524) and indexes.
650 #0 - SUBJECT ADDED ENTRY--TOPICAL TERM
Topical term or geographic name as entry element Families
Geographic subdivision United States.
650 #0 - SUBJECT ADDED ENTRY--TOPICAL TERM
Topical term or geographic name as entry element Marriage
Geographic subdivision United States.
650 #0 - SUBJECT ADDED ENTRY--TOPICAL TERM
Topical term or geographic name as entry element Interpersonal relations
Geographic subdivision United States.
650 #0 - SUBJECT ADDED ENTRY--TOPICAL TERM
Topical term or geographic name as entry element Work and family
Geographic subdivision United States.
650 #0 - SUBJECT ADDED ENTRY--TOPICAL TERM
Topical term or geographic name as entry element Multiculturalism
Geographic subdivision United States.
650 #0 - SUBJECT ADDED ENTRY--TOPICAL TERM
Topical term or geographic name as entry element Family violence
Geographic subdivision United States.
700 1# - ADDED ENTRY--PERSONAL NAME
Personal name Vander Mey, Brenda J.
906 ## - LOCAL DATA ELEMENT F, LDF (RLIN)
a 7
b cbc
c orignew
d 1
e ocip
f 19
g y-gencatlg
942 ## - ADDED ENTRY ELEMENTS (KOHA)
Source of classification or shelving scheme Dewey Decimal Classification
Koha item type BOOKS
Holdings
Withdrawn status Lost status Source of classification or shelving scheme Damaged status Not for loan Home library Current library Date acquired Total Checkouts Full call number Barcode Date last seen Price effective from Koha item type
    Dewey Decimal Classification     Dodoma Dodoma 04/05/2026   306.850 973 BID LIB002598 04/05/2026 04/05/2026 BOOKS

IRDP © 2021 :: Managed by ICT Team